Statistics for North Macedonia Euro 2021 Squad

Click here to take the quiz!

General Stats

  • This quiz has been taken 19 times
  • The average score is 15 of 26

Answer Stats

PositionClubPlayer% Correct
DFLeeds UnitedEzgjan Alioski
100%
FWGenoaGoran Pandev
100%
MFNapoliEljif Elmas
91%
DFUjpestKire Ristevski
73%
DFDinamo ZagrebStefan Ristovski
73%
MFDinamo ZagrebArijan Ademi
64%
DFRijekaDarko Velkovski
64%
MFLevante UDEnis Bardhi
64%
FWSarajevoKrste Velkovski
64%
MFSpartak TrnavaMilan Ristovski
64%
GKRayo VallecanoStole Dimitrievski
64%
DFFehervarVisar Musliu
64%
FWRCD MallorcaAleksandar Trajkovski
55%
MFVFB StuttgartDarko Churlinov
55%
MFRuzomberokTihomir Kostadinov
55%
MFLecceBoban Nikolov
45%
DFShkendijaEgzon Bejtulai
45%
FWAEK LarnacaIvan Trickovski
45%
MFAEK LarnacaStefan Spirovski
45%
FWChamblyVlatko Stojanovski
45%
GKDoxa KatokopiaDamjan Siskovski
36%
MFPartizaniFeran Hasani
36%
GKRabotnickiRisto Jankov
36%
DFCharleroiGjoko Zajkov
27%
FWAkademija PandevMarjan Radeski
27%
FWKayserisporDaniel Avramoski
18%

Score Distribution

Percentile by Number Answered

Percent of People with Each Score

Your Score History

You have not taken this quiz